|
|
|
|
| LEADER |
01933nam a22003973i 4500 |
| 001 |
EBC6898681 |
| 003 |
MiAaPQ |
| 005 |
20231204023221.0 |
| 006 |
m o d | |
| 007 |
cr cnu|||||||| |
| 008 |
231204s2007 xx o ||||0 eng d |
| 020 |
|
|
|a 9781781387733
|q (electronic bk.)
|
| 020 |
|
|
|z 9780853238393
|
| 035 |
|
|
|a (MiAaPQ)EBC6898681
|
| 035 |
|
|
|a (Au-PeEL)EBL6898681
|
| 035 |
|
|
|a (OCoLC)1229878143
|
| 040 |
|
|
|a MiAaPQ
|b eng
|e rda
|e pn
|c MiAaPQ
|d MiAaPQ
|
| 082 |
0 |
|
|a 823.8093561
|
| 100 |
1 |
|
|a Pedlar, Valerie.
|
| 245 |
1 |
4 |
|a The Most Dreadful Visitation :
|b Male Madness in Victorian Fiction.
|
| 250 |
|
|
|a 1st ed.
|
| 264 |
|
1 |
|a Liverpool :
|b Liverpool University Press,
|c 2007.
|
| 264 |
|
4 |
|c Ã2007.
|
| 300 |
|
|
|a 1 online resource (192 pages)
|
| 336 |
|
|
|a text
|b txt
|2 rdacontent
|
| 337 |
|
|
|a computer
|b c
|2 rdamedia
|
| 338 |
|
|
|a online resource
|b cr
|2 rdacarrier
|
| 490 |
1 |
|
|a Liverpool English Texts and Studies ;
|v v.46
|
| 505 |
0 |
|
|a Intro -- Title Page -- Contents -- Acknowledgements -- Introduction -- 1: Insurrection and Imagination: Idiocy and Barnaby Rudge -- 2: Thwarted Lovers: Basil and Maud -- 3: Wrongful Confinement, Sensationalism and Hard Cash -- 4: Madness and Marriage -- 5: The Zoophagous Maniac: Madness and Degeneracy in Dracula -- Conclusion -- Bibliography.
|
| 588 |
|
|
|a Description based on publisher supplied metadata and other sources.
|
| 590 |
|
|
|a Electronic reproduction. Ann Arbor, Michigan : ProQuest Ebook Central, 2023. Available via World Wide Web. Access may be limited to ProQuest Ebook Central affiliated libraries.
|
| 655 |
|
4 |
|a Electronic books.
|
| 776 |
0 |
8 |
|i Print version:
|a Pedlar, Valerie
|t The Most Dreadful Visitation
|d Liverpool : Liverpool University Press,c2007
|z 9780853238393
|
| 797 |
2 |
|
|a ProQuest (Firm)
|
| 830 |
|
0 |
|a Liverpool English Texts and Studies
|
| 856 |
4 |
0 |
|u https://ebookcentral.proquest.com/lib/matrademy/detail.action?docID=6898681
|z Click to View
|